000 01723cam a22004814i 4500
003 PE-LiUPU
005 20250731184549.0
008 150616s r 000 0 d
020 _a8474231558
035 _a(Sirsi) i9788474231557
040 _aPE-LiUPU
_bspa
_cPE-LiUPU
_erda
049 _aPRUA
082 0 4 _a944.04
_bV89
_221
100 1 _aVovelle, Michel,
_eautor.
245 1 0 _aIntroducción a la historia de la revolución francesa /
_cMichel Vovelle.
264 1 _aBarcelona :
_bEditorial Crítica,
_c1981.
300 _a211 páginas ;
_c20 centímetros
336 _atext
_2rdacontent
337 _aunmediated
_2rdamedia
338 _avolume
_2rdacarrier
504 _aIncluye bibliografía.
505 0 _aLa historia -- Nacimiento de la revolución -- La historiografía -- La revolución francesa -- Apuntes para una historia de las mentalidades -- Historia de un descubrimiento.
526 _aP136
526 _aP135
526 _aP134
526 _aP133
526 _aP144
526 _aP143
526 _aP87
526 _aP35
526 _aP20
526 _aP14
526 _aP10
526 _aP06
650 0 4 _aFrancia
_xHistoria
_xRevolución, 1789-1799.
910 _ajck
_bjvq
_cjck
942 _2ddc
_cBOOK
949 _a944.04 V89
_wDEWEY
_c1
_i22164
_d2016-11-30
_e2016-11-25
_lCCODEBUL1
_mBUL
_n3
_r0
_sY
_tBOOK
_u2015-6-16
_xEDUCACION
_PP20
_0COMPRA
_o.STAFF. Colección General
994 _aC0
_bPEPRU
596 _a1
999 _a944.04 V89
_wDEWEY
_c40614
_i22164
_d40614
_e2016-11-25
_f2022-3-1
_g4
_lCCODEBUL1
_mBUL
_n3
_q1
_r0
_sY
_tBOOK
_u2015-6-16
_xEDUCACION
_PP20
_0COMPRA
_o.STAFF. Colección General
980 _81
_gALBERTO SANCHEZ Responsable de Automatización